都道府県別 市区町村平均面積Top20 - Statistics

General Stats
  • This quiz has been taken 155 times
  • The average score is 7 of 20
Answer Stats
順位 Answer 平均面積(平方キロメートル) % Correct
1 北海道 466.2
100%
2 秋田県 465.4
83%
3 岩手県 463.0
80%
4 広島県 368.7
54%
6 新潟県 345.5
49%
5 島根県 353.1
40%
7 山口県 321.8
36%
9 大分県 283.3
32%
8 愛媛県 284.0
26%
10 宮崎県 261.3
26%
20 静岡県 207.3
26%
11 岡山県 259.6
24%
14 青森県 241.1
24%
16 岐阜県 232.6
22%
12 栃木県 256.3
21%
15 福島県 233.6
21%
18 鹿児島県 210.3
17%
19 高知県 209.0
16%
13 福井県 246.5
15%
17 石川県 220.3
11%
No matching quizzes found
Score Distribution
Percent of People with Each Score
Percentile by Number Answered
Your Score History
You have not taken this quiz